00452 a2200109 4500001001000000005001700010008004100027245017700068100002000245773006000265999001700325ART_5261220260410161946.0260409a 10aEl dilema de la opción con renuncia del artículo 4 de la ley 26773 frente a otros sistemas de reparación y sancionatorios fundados en la ley de defensa del consumidor1 aFavier, Daniela0 tTemas de derecho laboralg- N° 6 (jun. 2021)wREV27619 c29939d29939